Marques de voitures A-Z - Statistiques

Statistiques générales
  • Ce quiz a été pris 27 839 fois
  • Le résultat moyen est 15 sur 26
Statistiques - réponses
Lettres Marques % Correct
A Audi | Aston Martin | Alfa Romeo | Abarth | Alpine | Auverland | Aro | Asia | AC | Aixam | AMC | Alpina | Anaig | Auburn | Austin Healey | Autobianchi | AvtoVAZ | AvtoGAZ | Auto union | Austin | Alvis | Allard | Acura | Alke | Arash | Amilcar
97%
B BMW | Bugatti | Buick | Bertone | Bentley | Bollore | BRP | Bellier | Bluecar | Buick | Burbys | Bristol
96%
C Citroën | Chrysler | Cadillac | Caterham | Chevrolet | Cheyenne | Corvette | Cupra | Carbodies | Casalini | Changan | Chatenet | Colani | Cord | Chenard et Walcker
95%
F Ferrari | Ford | Fiat | FSO | Fisker | Fuso | Facel Vega
95%
M Mazda | Mercedes | Mitsubishi | Maserati | Mclaren | Maybach | MINI | Mahindra | MAN | MEGA | MG | MIA | Morgan | MG Motor | Matra | Mercury | Microcar Mpm Motors | Mitsuoka | Morris
92%
L Lamborghini | Land Rover | Lotus | LADA | Lancia | LANDWIND | LDV | Lexus | Lasalle | Ligier | Lincoln | Link&co
89%
P Peugeot | Porsche | Pagani | Piaggio | Pontiac | Proton | Pgo | Polestar | Packard | Panhard / Panther | Plymouth | Panoz
89%
D Dacia | Daewoo | Daihatsu | Daimler | De tomaso | Dodge | DS | Donkervoort | DeVinci | Dangel | DeLorean | Desoto | Dué | Delahaye | Delage | De Dion-Bouton | Datsun
84%
R Renault | Range Rover | Rolls Royce | Rover | Rimac | Rivian | Radical | Riley
84%
H Honda | Hyundai | Hommell | Hummer | Hudson | Horch | Hispano Suiza
83%
S Seat | SAAB | SAIC | Santana | Skoda | Smart | Ssangyong | Subaru | Suzuki | Seres | Shelby | Simca | Studebaker | Sunbeam | Saleen
82%
T Tesla | Toyota | Tata | TVR | Tempo | Think | Triumph | Talbot
80%
V Volvo | Volkswagen | Venturi | Vespa | VAZ | Vektor
80%
J Jaguar | Jeep | Jannarelly | JDM | Jiayuan
74%
O Opel | Oxygo | Oldsmobile
70%
K Kia | Koenigsegg | KTM | Kaiser | Karma
67%
N Nissan | Nash | Noun | Nsu | Noble | Neckar
60%
I Infiniti | Isuzu | Iveco | International Harvester | Innocenti
29%
G GME | Grandin | Gordon Murray Automobile | Grecav | Gumpert | GMC | Ginetta | GAZ
22%
Y Yugo | Yamaha
22%
E Edsel | Excalibur | Exagon | Eagle
12%
Z Zenvo | Zenos | Zastava
12%
U Ultima | UAZ
7%
Q Qoros | Qvale
6%
W Wiesmann | Willys | Weber | Wolseley
6%
X XPeng | Xinkai | Xiali
5%
Aucun quiz correspondant
Distribution des résultats
% des personnes avec chaque résultat
Percentile par nombre de réponses
Votre historique - résultats
Vous n’avez pas pris ce quiz